MARC

Tag First Indicator Second Indicator Subfields
LEADER 00000cam a2200000 a 4500
001 in00001662813
005 20151024121501.0
008 000526s2000 nyuab b 001 0 eng
010 |a  00042948  
020 |a 0815337922 (alk. paper) 
035 |a (OCoLC)ocm44406319 
040 |a DLC  |c DLC  |d TXA  |d UtOrBLW 
043 |a n-us-ny 
049 |a TXAM 
050 0 0 |a E445.N56  |b W45 2000 
082 0 0 |a 326/.8/09747609034  |2 21 
100 1 |a Wellman, Judith. 
245 1 0 |a Grass roots reform in the burned-over district of upstate New York :  |b religion, abolitionism, and democracy /  |c Judith Wellman. 
246 3 |a Grassroots reform in the burned-over district of upstate New York 
264 1 |a New York :  |b Garland Publishing,  |c 2000. 
300 |a xxxiv, 264 pages :  |b illustrations, maps ;  |c 24 cm. 
336 |a text  |b txt  |2 rdacontent 
337 |a unmediated  |b n  |2 rdamedia 
338 |a volume  |b nc  |2 rdacarrier 
490 1 |a Studies in African American history and culture 
505 0 |a The economy and population in Mexico, Paris, and Ithaca -- From moral desolation to religious institutionalism in Mexico, Paris, and Ithaca -- The American Sunday School Union in Central New York -- The American Sunday School Union in Mexico, Paris, and Ithaca -- Abolitionism in Central New York: from moral suasion to political action -- Abolitionism in Mexico, Paris, and Ithaca -- Who were these reformers? -- Appendix 1. Economy and population of Mexico, Paris, and Ithaca -- Appendix 2. Reformers in Mexico, Paris, and Ithaca. 
504 |a Includes bibliographical references (pages 241-246) and index. 
650 0 |a Antislavery movements  |z New York (State)  |x History  |y 19th century. 
650 0 |a Social movements  |z New York (State)  |x History  |y 19th century. 
650 0 |a Abolitionists  |z New York (State)  |x History  |y 19th century. 
650 0 |a Social reformers  |z New York (State)  |x History  |y 19th century. 
650 0 |a African Americans  |x Civil rights  |z New York (State)  |x History  |y 19th century. 
651 0 |a New York (State)  |x Politics and government  |y 1775-1865. 
650 0 |a Slavery and the church  |z New York (State)  |x History  |y 19th century. 
650 0 |a Evangelists  |z New York (State)  |x History  |y 19th century. 
651 0 |a New York (State)  |x Church history  |y 19th century. 
650 0 |a Christian communities  |z New York (State)  |x History  |y 19th century. 
830 0 |a Studies in African American history and culture. 
948 |a cataloged  |b h  |c 2002/5/10  |d c  |e dmitchel  |f 1:32:44 pm 
994 |a E0  |b TXA 
999 |a MARS 
999 f f |s 08ac0582-1b32-3996-9689-fa13d1a4b9de  |i b4429305-4575-3627-afac-42a7dedef898  |t 0 
952 f f |p ric  |a Texas A&M University  |b Rellis Campus  |c Joint Library Facility  |d Remote Storage  |t 0  |e E445.N56 W45 2000  |h Library of Congress classification  |i unmediated -- volume  |m A14828904194 
998 f f |a E445.N56 W45 2000  |t 0  |l Remote Storage